| 000 | 00852nam a2200217Ia 4500 | ||
|---|---|---|---|
| 003 | IN-BaIIA | ||
| 008 | 211028s9999 xx 000 0 eng d | ||
| 020 | _a0-7923-6966-1 | ||
| 040 | _cIIA Library | ||
| 080 |
_a523.4(082.2) _bNEW |
||
| 111 |
_aAlexander von Humboldt Colloquim _n5th _cBadhofgastein, Austria _d2000 Mar. 19-25 _925798 |
||
| 245 | 0 |
_aNew developments in the dynamics of planetary systems _bproceedings of the 5th Alexander von Humboldt Colloquim on Celestial Mechanics held in Badhofgastein, Austria, March 19-25, 2000 _cedited by Rudolf Dvorak and Jacques Henrard |
|
| 260 |
_aDordrecht _bKluwer Academic _c2001 |
||
| 300 | _a379p. | ||
| 650 |
_aAstronomy _980 |
||
| 650 | _aCelestial mechanics | ||
| 650 |
_aPlanetary system _9756 |
||
| 700 |
_aDvorak, Rudolf, ed. _925799 |
||
| 700 |
_aHenrard, Jacques., ed. _925800 |
||
| 942 | _cBK | ||
| 999 |
_c14525 _d14525 |
||